Trouve les personnages de The Rookie - Statistiques

Statistiques générales
  • Ce quiz a été pris 215 fois
  • Le résultat moyen est 13 sur 18
Answers on the Grid
Answers color-coded by a green-red scale on the quiz's grid according to % correct below.
Angela López
Lucy Chen
Tim Bradford
Aaron Thorsen
Abby Sciuto
Athena Grant
Bailey Nune
Ben Warren
Bobby Nash
Celina Juarez
Chimney Han
Evan Buckley
Henrietta Wilson
Jackson West
James Murray
Jim Street
John Nolan
Miles Penn
Nyla Harper
Oscar Hutchinson
Quigley Smitty
Robert Sullivan
Rosalind Dyer
Sylvie Brett
Talia Bishop
Tamara Colins
Timothy McGee
Wade Gray
Ziva David
Zoé Anderson
 
Statistiques - réponses
Réponse % Correct
Lucy Chen
89%
Tim Bradford
88%
Angela López
86%
Aaron Thorsen
82%
Jackson West
79%
Bailey Nune
77%
Celina Juarez
72%
John Nolan
70%
Nyla Harper
68%
Oscar Hutchinson
64%
Rosalind Dyer
64%
Talia Bishop
64%
Wade Gray
64%
Tamara Colins
62%
Zoé Anderson
61%
Quigley Smitty
59%
James Murray
51%
Miles Penn
48%
Aucun quiz correspondant
Distribution des résultats
% des personnes avec chaque résultat
Percentile par nombre de réponses
Votre historique - résultats
Vous n’avez pas pris ce quiz